Podnikanie a obchodovanie na kapitálovom trhu bakalárska práca

Enregistré dans:
Détails bibliographiques
Auteur principal: Revay, Igor
Collectivité auteur: Obchodná fakulta EU. Katedra marketingu
Autres auteurs: Žák, Štefan, 1971-
Format: Livre
Langue:slovaque
Publié: Bratislava 2011
Tags: Ajouter un tag
Pas de tags, Soyez le premier à ajouter un tag!

MARC

LEADER 00000nbm a2200000 4500
001 0132112
005 20161109111431.1
041 0 |a slo 
044 |a SK 
245 1 0 |a Podnikanie a obchodovanie na kapitálovom trhu  |b bakalárska práca  |c Igor Revay ; školiteľ: Štefan Žák 
264 1 |a Bratislava  |c 2011 
300 |a 45 s. 
100 1 |a Revay, Igor 
700 1 |a Žák, Štefan, 1971- 
710 2 |a Obchodná fakulta EU. Katedra marketingu